LEADER 00978nam a2200265 i 4500 001 000000143028 003 CaOOAMICUS 005 20060223000000.0 008 060223s1955 it u000 u ita u 013 $a118384 040 $aSeMil$bita 100 1 $aFriedländer, Max J.$0(OLS)http://semarc/name/51960 245 13$aIl conoscitore d'arte /$cMax J. Friedländer. 260 $aTorino :$bGiulio Einaudi,$c1955. 300 $a169 p., [18] p. di tav., [1] c. di tav. ;$c22 cm. 490 0 $aSaggi ;$v188 500 $aFondo Ciprandi. 650 4$aArte - Critica.$0(OLS)http://semarc/subject/10402 830 0$aSaggi ;$v188.$0(OLS)http://semarc/title/341 850 $aSeMil 852 $aSeMil$W1$xVenegono$y1$m5J VI 188$j96158$B96158$CSeMilBibl$Z2$F109227 $81 941 1 $a1 961 $aOmaggio: Ciprandi dott. Paolo 996 $6245$aIl conoscitore d'arte$9(OLS)http://semarc/title/209276 996 $6260$aTorino :$bGiulio Einaudi$9(OLS)http://semarc/publisher/29810 LEADER 01391nam a2200277 i 4500 001 000000148562 003 CaOOAMICUS 005 20060309000000.0 008 060309s2005 it u000 u ita u 013 $a125878 020 $a88-8333-152-4 040 $aSeMil$bita 100 1 $aSanguineti, Corrado .$0(OLS)http://semarc/name/58760 245 13$aLa funzione retorica e teologica di Romani 9 nel contesto della sezione Rm 9-11 /$cCorrado Sanguineti. 260 $aRomae :$b[s.n.],$c2005. 300 $a390 p. ;$c24 cm. 490 0 $aDissertationes. Series theologica : Collana di tesi dottorali della Pontificia Università della Santa Croce ;$v17. 500 $aContiene : Bibliografia. - A piè del front. : Thesis ad Doctoratum in Theologia totaliter edita. 650 4$aBibbia - NT - Lettere ai Romani 9.$0(OLS)http://semarc/subject/28989 830 0$aDissertationes. Series theologica ;$v17.$0(OLS)http://semarc/title/432389 850 $aSeMil 852 $aSeMil$W1$xVenegono$y1$m2W IV 85$j100929$B100929$CSeMilBibl$Z2$F109710 $81 961 $aOmaggio per recensione: Scuola Cattolica 996 $6020$a88-8333-152-4$9(OLS)http://semarc/number/137466 996 $6245$aLa funzione retorica e teologica di Romani 9 nel contesto della sezione Rm 9-11$9(OLS)http://semarc/title/217134 996 $6260$aRomae :$b[s.n.]$9(OLS)http://semarc/publisher/29812 LEADER 00900nam a2200217 i 4500 001 000000167656 003 CaOOAMICUS 005 20071206000000.0 008 071206s1949 it u000 u mul u 013 $a145055 040 $aSeMil$bita 245 10$a4. 300 $a343 p. 490 0 $aPubblicazioni dell'Università Cattolica del S. Cuore. N.s ;$v28. 600 14$aFerrini, Contardo .$0(OLS)http://semarc/subject/1935 773 0 $tScritti in onore di Contardo Ferrini pubblicati in occasione della sua beatificazione.$dMilano : Vita e Pensiero, 1947-1949.$w()18809 830 0$aPubblicazioni dell'Università cattolica del Sacro Cuore. Nuova serie ;$v28.$0(OLS)http://semarc/title/41025 850 $aSeMil 852 $aSeMil$W1$xVenegono$y1$m3H IV 328$j118807$B118807$CSeMilBibl$Z2$F130548 $81 961 $aRecupero: Altro 996 $6245$a4$9(OLS)http://semarc/title/47131 LEADER 01093nam a2200217 4500 001 000000347696 003 CaOOAMICUS 005 20210906160634.0 008 210906s1904 it 000 u ita r 040 $aSeMil$bita 100 1 $aCoppens, Urbano.$0(OLS)http://semarc/name/114596 245 10$aCome si creano nuovi Santuari in Palestina :$bil Palazzo di Caifa e il nuovo "Orto di S. Pietro" dei padri assunzionisti al Monte Sion /$cP. Urbano Coppens. 250 $aTraduzione libera dal francese con prefazione e note 264 1$aRoma :$bTipografia Sallustiana,$c1904. 300 $a107 p. :$bc. geogr. ;$c24 cm 650 4$aPalestina - Luoghi santi.$0(OLS)http://semarc/subject/3883 850 $aSeMil 852 $aSeMil$W1$xVenegono$y1$m5A VIII 1/9$j228780$B238745$CSeMilBibl$Z2$F238745 $81 996 $6245$aCome si creano nuovi Santuari in Palestina :$bil Palazzo di Caifa e il nuovo "Orto di S. Pietro" dei padri assunzionisti al Monte Sion$9(OLS)http://semarc/title/436987 996 $6264$aRoma :$bTipografia Sallustiana$9(OLS)http://semarc/publisher/60099 LEADER 01088nam a2200253 i 4500 001 000000224812 003 CaOOAMICUS 005 20131111000000.0 008 131111s1994 it u000 u fre u 013 $a203710 020 $a2227470127 040 $aSeMil$bita 100 1 $aGuérin, Paul <1830-1908>.$0(OLS)http://semarc/name/3513 245 10$aGuide du prédicateur :$bà l'usage des laics et des pretres /$cPaul Guérin ; avec la partecipation de Chantal Bérard ... [et al.]. 260 $aParis :$bCenturion,$c1994. 300 $a210 p. ;$c22 cm. 650 4$aPredicazione - Manuali.$0(OLS)http://semarc/subject/4663 700 1 $aBérard, Chantal.$0(OLS)http://semarc/name/78216 850 $aSeMil 852 $aSeMil$W1$xVenegono$y1$m2F V 251$j175158$B175158$CSeMilBibl$Z2$F186279 $81 961 $aOmaggio: Bressan don Luca 996 $6020$a2227470127$9(OLS)http://semarc/number/225458 996 $6245$aGuide du prédicateur :$bà l'usage des laics et des pretres$9(OLS)http://semarc/title/322123 996 $6260$aParis :$bCenturion$9(OLS)http://semarc/publisher/32415 LEADER 01140nam a2200277 i 4500 001 000000035694 003 CaOOAMICUS 005 20181120161745.0 008 140512s1989 it u000 u ita u 013 $a4234 040 $aSeMil$bita 100 1 $aCipriani, Settimio .$0(OLS)http://semarc/name/3945 245 13$aLa preghiera nel Nuovo Testamento :$bspunti di esegesi e di spiritualità /$cSettimio Cipriani. 250 $a4. edizione. 260 $aMilano :$bO.R.,$c1989. 300 $a400 p. ;$c19 cm. 490 0 $aMeditazioni bibliche [OR] ;$v3 650 4$aBibbia - Preghiera.$0(OLS)http://semarc/subject/5730 650 4$aPreghiera.$0(OLS)http://semarc/subject/1091 830 0$aMeditazioni bibliche ;$v3.$0(OLS)http://semarc/title/420015 850 $aSeMil 852 $aSeMil$W1$xVenegono$y1$m2Z I 180$j1849$B1849$CSeMilBibl$Z2$F1849 $81 961 $aOmaggio: Scuola Cattolica 996 $6245$aLa preghiera nel Nuovo Testamento :$bspunti di esegesi e di spiritualità$9(OLS)http://semarc/title/49040 996 $6260$aMilano :$bO.R.$9(OLS)http://semarc/publisher/29789 LEADER 00945nam a2200253 i 4500 001 000000087454 003 CaOOAMICUS 005 20180830150021.0 008 180830s1947 xx u000 u und u 013 $a59694 020 $a88-245- 040 $aSeMil$bita 100 1 $aClaudel, Paul,$d<1868-1955>.$0(OLS)http://semarc/name/849 245 10$aPresenza e Profezia. 260 $aMilano :$bEdizioni di Comunità,$c1947. 300 $a201 p. 490 0 $aCollana di Comunità 650 4$aCristianesimo - Meditazioni.$0(OLS)http://semarc/subject/1977 830 0$aCollana di Comunità.$0(OLS)http://semarc/title/7469 850 $aSeMil 852 $aSeMil$W1$xVenegono$y1$m102 6 9 *$j50941$B50941$CSeMilBibl$Z2$F55053 $81 996 $6020$a88-245-$9(OLS)http://semarc/number/67510 996 $6245$aPresenza e Profezia$9(OLS)http://semarc/title/95430 996 $6260$aMilano :$bEdizioni di Comunità$9(OLS)http://semarc/publisher/31458 LEADER 01176nam a2200253 i 4500 001 000000147926 003 CaOOAMICUS 005 20060216000000.0 008 060216s1976 it u000 u ita u 013 $a125227 040 $aSeMil$bita 100 1 $aBasadonna, Giorgio,$d<1922-2008>.$0(OLS)http://semarc/name/15224 245 10$aDall'Esodo al Calvario :$bun cammino di conversione /$cGiorgio Basadonna. 260 $aMilano :$bAzione Cattolica,$cStampa 1976. 300 $a87 p., [3] c. di tav. ;$c20 cm. 650 4$aAscetica - Testi.$0(OLS)http://semarc/subject/1695 650 4$aBibbia. Antico Testamento. Esodo - Commentari, studi, critica, interpretazioni.$0(OLS)http://semarc/subject/6072 650 4$aSettimana Santa - Meditazioni.$0(OLS)http://semarc/subject/7609 650 4$aConversione - Meditazioni.$0(OLS)http://semarc/subject/9350 850 $aSeMil 852 $aSeMil$W1$xVenegono$y1$m3F I 326$j100456$B100456$CSeMilBibl$Z2$F109555 $81 961 $aOmaggio: Altro 996 $6245$aDall'Esodo al Calvario :$bun cammino di conversione$9(OLS)http://semarc/title/216320 996 $6260$aMilano :$bAzione Cattolica$9(OLS)http://semarc/publisher/36215